MARC

LEADER 00000nam0a2200000 4500
001 170996
005 20231031163854.0
035 |a (RuTPU)RU\TPU\book\185438 
090 |a 170996 
100 |a 20091130d1968 m y0rusy50 ca 
101 0 |a rus 
102 |a RU 
105 |a a z 001zy 
200 1 |a Узники Соловецкого монастыря  |f Г. Г. Фруменков 
210 |a Архангельск  |c Северо-Западное книжное издательство  |d 1968 
215 |a 199 с.  |c ил. 
320 |a Примечания и литература: с. 190-198. 
610 1 |a Соловецкий монастырь 
610 1 |a тюрьмы 
610 1 |a заключенные 
675 |a 9(с)1  |v 3 
700 1 |a Фруменков  |b Г. Г.  |g Георгий Георгиевич 
801 1 |a RU  |b 63413507  |c 20091130 
801 2 |a RU  |b 63413507  |c 20100429  |g RCR 
942 |c BK